Die größten südkoreanischen Städte - Statistiken

Allgemein
  • Dieses Quiz wurde 61 mal gespielt
  • Das Durchschnittsergebnis liegt bei 5 aus 10
Antwortstatistiken
Hint Antwort % Korrekt
3.349.016 Busan
100%
9.586.195 Seoul
100%
2.945.454 Incheon
74%
2.410.700 Daegu
66%
1.477.573 Gwangju
49%
1.135.423 Ulsan
40%
1.488.435 Daejeon
32%
1.210.150 Suwon
32%
1.045.497 Goyang
13%
1.066.975 Yongin
9%
Keine übereinstimmenden Quizze gefunden
Verteilung der Resultate
Anzahl Personen mit jedem Resultat
Perzentil nach korrekt beantworteten Fragen
Ihre Resultats-Entwicklung
Sie haben dieses Quiz noch nicht gespielt